Statistics for Countries With the Fastest Internet Connection Speeds

Click here to take the quiz!

General Stats

  • This quiz has been taken 47 times
  • The average score is 14 of 20

Answer Stats

PlaceMedian download speed (Mbit/s)Country% Correct
2.241.58South Korea
97%
12.191.97United States
97%
16.175.61Canada
93%
20.167.18Japan
93%
1.245.50Singapore
90%
19.169.00Sweden
87%
14.188.69Switzerland
87%
17.172.95China
83%
11.192.25France
83%
15.186.40Spain
83%
7.210.71Denmark
77%
5.220.35Monaco
70%
10.193.79Liechtenstein
67%
4.229.48Chile
60%
13.191.23Andorra
57%
6.214.33Romania
57%
8.206.81Thailand
57%
9.193.80Hungary
53%
3.240.8Hong Kong
17%
18.170.30Macau
13%

Score Distribution

Percentile by Number Answered

Percent of People with Each Score

Your Score History

You have not taken this quiz